Greatest saints of India / (Record no. 56238)

MARC details
000 -LEADER
fixed length control field 00657nam a22002177a 4500
005 - DATE AND TIME OF LATEST TRANSACTION
control field 20250723120055.0
010 ## - LCCN (DPL NO)
LC control number G-001379 ENG-146077
020 ## - INTERNATIONAL STANDARD BOOK NUMBER
International Standard Book Number 9788190554640
Terms of availability 595.00
035 ## - SYSTEM CONTROL NUMBER
System control number G-001379
035 ## - SYSTEM CONTROL NUMBER
System control number EN-129609
037 ## - SOURCE OF ACQUISITION
Source of stock number/acquisition Gift
037 ## - SOURCE OF ACQUISITION
Source of stock number/acquisition DBAD
082 ## - DEWEY DECIMAL CLASSIFICATION NUMBER
Classification number 230.35
100 ## - MAIN ENTRY--PERSONAL NAME
Personal name Chaudhry, Jyoti K.
245 ## - TITLE STATEMENT
Title Greatest saints of India /
Statement of responsibility, etc by Jyoti K. Chaudhry
260 ## - PUBLICATION, DISTRIBUTION, ETC. (IMPRINT)
Place of publication, distribution, etc Panchkula
Name of publisher, distributor, etc Delhi Book Bureau
Date of publication, distribution, etc 2010
270 ## - ADDRESS
Address SCO 43, Ist Floor, Swastick Vihar, MDC Complex,
City Panchkula
Postal code 134113
300 ## - PHYSICAL DESCRIPTION
Extent 231p.
Dimensions 22cm(Hb)
942 ## - ADDED ENTRY ELEMENTS (KOHA)
Source of classification or shelving scheme Dewey Decimal Classification
Item type English Books
Classification part 230.35
Call number suffix CHA
Holdings
Withdrawn status Lost status Not for loan Collection code Home library Current library Date acquired Source of acquisition Cost, normal purchase price Full call number Barcode Copy number Cost, replacement price Koha item type
    Not For Loan Non-fiction D.B.Act.Division D.B.Act.Division 23/07/2025 Delivery of Books Act Division 595.00 230.35 CHA EN-129609 1 595.00 English Books
      Non-fiction Janak Puri Janak Puri 02/09/2011 gift 595.00 230.35 CHA G-001379 1 595.00 English Books

© Delhi Public Library
Hit Counter
free hit counter